Úloha a postavenie univerzít pri budovaní regionálnych sietí ako predpokladu regionálneho rozvoja záverečná správa za celú dobu riešenia projektu
Saved in:
| Main Author: | |
|---|---|
| Other Authors: | , , , , , , , , |
| Format: | Book |
| Language: | Slovak |
| Published: |
Košice
2009
|
| Subjects: | |
| Tags: |
No Tags, Be the first to tag this record!
|
MARC
| LEADER | 00000nam a2200000 4500 | ||
|---|---|---|---|
| 001 | 0124749 | ||
| 005 | 20240613070244.2 | ||
| 041 | 0 | |a slo | |
| 044 | |a SK | ||
| 245 | 1 | 0 | |a Úloha a postavenie univerzít pri budovaní regionálnych sietí ako predpokladu regionálneho rozvoja |b záverečná správa za celú dobu riešenia projektu |c Vedúci projektu: Silvia Ručinská |
| 264 | 1 | |a Košice |c 2009 | |
| 610 | 2 | 0 | |a univerzity |
| 610 | 2 | 0 | |a vzdelanie |
| 610 | 2 | 0 | |a rozvoj regionálny |
| 610 | 2 | 0 | |a siete regionálne |
| 100 | 1 | |a Ručinská, Silvia | |
| 700 | 1 | |a Výrostová, Eva | |
| 700 | 1 | |a Knežová, Jana | |
| 700 | 1 | |a Guzyová, Kristína | |
| 700 | 1 | |a Vernarský, Martin | |
| 700 | 1 | |a Ručinský, Rastislav | |
| 700 | 1 | |a Výrost, Tomáš, 1978- | |
| 700 | 1 | |a Rehák, Štefan, 1974- | |
| 700 | 1 | |a Bačová, Monika | |
| 700 | 1 | |a Čisárik, Peter | |